Ranking FIFA 2017 - Statystyki

Ogólne statystyki
  • Ten quiz został rozwiązany 38 razy
  • Średni wynik to 9 z 10
Statystyki odpowiedzi
Miejsce Państwo % Poprawnych
1 Brazylia
97%
3 Argentyna
94%
9 Belgia
94%
2 Niemcy
94%
5 Polska
94%
10 Francja
91%
6 Portugalia
91%
4 Szwajcaria
74%
7 Chile
69%
8 Kolumbia
66%
Nie znaleziono quizów pasujących do podanych kryteriów
Rozkład punktacji
Procent ludzi z każdym wynikiem
Percentyl według liczby udzielonych odpowiedzi
Twoja historia wyników
Nie rozwiązałeś tego quizu